Visualizzazione normale
Vista MARC
- Maurel Annie
di Personal Name
Records bibliografici associati: 1
001 - CONTROL NUMBER
- control field: 37636
003 - CONTROL NUMBER IDENTIFIER
- control field: IT-RoPau
005 - DATE AND TIME OF LATEST TRANSACTION
- control field: 20151125171718.0
008 - FIXED-LENGTH DATA ELEMENTS
- fixed length control field: 151125|| aca||aabn | a|a d
040 ## - CATALOGING SOURCE
- Original cataloging agency: IT-RoPau
- Transcribing agency: IT-RoPau
100 ## - HEADING--PERSONAL NAME
- Personal name: Maurel Annie
- Relator term: (soggetto)
- Miscellaneous information: Codice Soggetto SPICS: 58068
670 ## - SOURCE DATA FOUND
- Source citation: Work cat.: (IT-RoPau)104782: Lauzier Gerard Codice regista SPICS: 58067 37632, MIO PADRE, CHE EROE! MIO PADRE, CHE EROE! (Rif. Codice opera principale : H5349)